Normal view
MARC view
- Ahmad , Mirza Fiaz
Entry Personal Name
001 - CONTROL NUMBER
- control field: 109686
003 - CONTROL NUMBER IDENTIFIER
- control field: NUST
005 - DATE AND TIME OF LATEST TRANSACTION
- control field: 20230301132909.0
008 - FIXED-LENGTH DATA ELEMENTS
- fixed length control field: 230301|| aca||aabn | a|a d
040 ## - CATALOGING SOURCE
- Original cataloging agency: NUST
- Transcribing agency: NUST
100 ## - HEADING--PERSONAL NAME
- Personal name: Ahmad , Mirza Fiaz
670 ## - SOURCE DATA FOUND
- Source citation: Work cat.: (NUST)188158: Ahmad , Mirza Fiaz, Taqareer :, 2009
